Detalles MARC
| 000 -CABECERA |
| campo de control de longitud fija |
01549nam a2200301 i 4500 |
| 003 - IDENTIFICADOR DEL NÚMERO DE CONTROL |
| campo de control |
DO-SdBNP |
| 005 - FECHA Y HORA DE LA ÚLTIMA TRANSACCIÓN |
| campo de control |
20250530140128.0 |
| 007 - CAMPO FIJO DE DESCRIPCIÓN FÍSICA--INFORMACIÓN GENERAL |
| campo de control de longitud fija |
ta |
| 008 - DATOS DE LONGITUD FIJA--INFORMACIÓN GENERAL |
| campo de control de longitud fija |
250530b2025 dr ||||| |||| 00| 0 spa d |
| 020 ## - NÚMERO INTERNACIONAL ESTÁNDAR DEL LIBRO |
| Número Internacional Estándar del Libro |
9789945649512 |
| 040 ## - FUENTE DE LA CATALOGACIÓN |
| Centro catalogador/agencia de origen |
DO-SdBNP |
| Lengua de catalogación |
spa |
| Centro/agencia transcriptor |
BNPHU |
| Normas de descripción |
rda |
| 041 ## - CÓDIGO DE LENGUA |
| Código de lengua del texto/banda sonora o título independiente |
spa |
| 082 #4 - NÚMERO DE LA CLASIFICACIÓN DECIMAL DEWEY |
| Número de clasificación |
xxx |
| Número de documento/Ítem |
O34i |
| Número de edición |
22 |
| 100 1# - ENTRADA PRINCIPAL--NOMBRE DE PERSONA |
| Nombre de persona |
Ogando Montero, Alexander, |
| Fechas asociadas al nombre |
1995- |
| Código de función/relación |
aut. |
| Término indicativo de función/relación |
autor |
| 9 (RLIN) |
87921 |
| 245 13 - MENCIÓN DE TÍTULO |
| Título |
La importancia de ser paciente / |
| Mención de responsabilidad, etc. |
Alexander Ogando Montero, corrección de estilo, Mayli Leal. |
| 250 ## - MENCIÓN DE EDICIÓN |
| Mención de edición |
Primera edición |
| 264 #4 - PRODUCCIÓN, PUBLICACIÓN, DISTRIBUCIÓN, FABRICACIÓN Y COPYRIGHT |
| Producción, publicación, distribución, fabricación y copyright |
Santo Domingo, República Dominicana : |
| Nombre del de productor, editor, distribuidor, fabricante |
Printbarato, Layoot & Printing, Srl. |
| Fecha de producción, publicación, distribución, fabricación o copyright |
©2025. |
| 300 ## - DESCRIPCIÓN FÍSICA |
| Extensión |
137 páginas ; |
| Dimensiones |
22 cm. |
| 336 ## - TIPO DE CONTENIDO |
| Término de tipo de contenido |
texto |
| Código de tipo de contenido |
txt |
| Fuente |
rdacontent |
| 337 ## - TIPO DE MEDIO |
| Nombre/término del tipo de medio |
sin mediación |
| Código del tipo de medio |
n |
| Fuente |
rdamedia |
| 338 ## - TIPO DE SOPORTE |
| Nombre/término del tipo de soporte |
volumen |
| Código del tipo de soporte |
nc |
| Fuente |
rdacarrier |
| 500 ## - NOTA GENERAL |
| Nota general |
Incluye datos biográficos de la autora en la solapa de la contracubierta. |
| 505 ## - NOTA DE CONTENIDO CON FORMATO |
| Nota de contenido con formato |
Prólogo -- Dedicatoria -- La importancia de ser paciente -- ¿Cómo ser paciente? -- ¿Un juego de solitario o simplemente una rompecabezas glorificada? -- ¿Por qué callar la verdad? -- ¿Qué podemos ganar o perder con la paciencia? – Para reflexionar -- ¿Sabes cuál es la principal causa del fracaso? -- ¿Necesitamos la paciencia? -- ¿La paciencia como virtud? -- ¡Qué bonito sería si pudiera responderte con una estrategia! -- ¿Cuándo perdemos la paciencia? -- “Sonríele a la vida” – Carta a mi papá. |
| 590 ## - NOTA LOCAL (RLIN) |
| Nota local |
Inventariado, 2025 /LP |
| 700 1# - PUNTO DE ACCESO ADICIONAL--NOMBRE DE PERSONA |
| Nombre de persona |
Leal, Mayli, |
| Término indicativo de función/relación |
corrector |
| Código de función/relación |
corr. |
| 9 (RLIN) |
87922 |
| 910 ## - DATOS DE OPCIÓN DEL USUARIO (OCLC) |
| Datos de opción del usuario |
LP |
| 942 ## - ELEMENTOS DE PUNTO DE ACCESO ADICIONAL (KOHA) |
| Fuente del sistema de clasificación o colocación |
Dewey Decimal Classification |
| Tipo de ítem Koha |
Libro |